Sapāṭa cehare vālā ādamī. (Record no. 78650)

MARC details
000 -LEADER
fixed length control field 00665cam a22002291 4500
001 - CONTROL NUMBER
control field sa 68002352
003 - CONTROL NUMBER IDENTIFIER
control field DLC
005 - DATE AND TIME OF LATEST TRANSACTION
control field 20260227112442.0
008 - FIXED-LENGTH DATA ELEMENTS--GENERAL INFORMATION
fixed length control field 831230s1967 ii 000 0 hin
010 ## - LIBRARY OF CONGRESS CONTROL NUMBER
LC control number sa 68002352
035 ## - SYSTEM CONTROL NUMBER
System control number (OCoLC)21645794
040 ## - CATALOGING SOURCE
Original cataloging agency DLC
Transcribing agency CU
Modifying agency DLC
042 ## - AUTHENTICATION CODE
Authentication code premarc
050 00 - LIBRARY OF CONGRESS CALL NUMBER
Classification number PK2098.39.I495
Item number S2
100 1# - MAIN ENTRY--PERSONAL NAME
Personal name Siṃha, Dūdhanātha,
Dates associated with a name 1936-
245 10 - TITLE STATEMENT
Title Sapāṭa cehare vālā ādamī.
Statement of responsibility, etc. [Lekhaka] Dūdhanātha Siṃha
250 ## - EDITION STATEMENT
Edition statement [1. saṃskaraṇa
260 ## - PUBLICATION, DISTRIBUTION, ETC.
Place of publication, distribution, etc. Dillī]
Name of publisher, distributor, etc. Akshara Prakāśana; [mukhya vitaraka:
-- Pustaka, Prasāra,
Date of publication, distribution, etc. 1967]
300 ## - PHYSICAL DESCRIPTION
Extent 150 p.
Dimensions 19 cm
500 ## - GENERAL NOTE
General note In Hindi
500 ## - GENERAL NOTE
General note Short stories

No items available.

Powered by Koha